[Event "TOP 16"]
[Site "Clichy"]
[Date "2007.06.02"]
[Round "10.4"]
[White "Rausis, Igors"]
[Black "Lautier, Joel"]
[Result "0-1"]
[WhiteElo "2537"]
[BlackElo "2661"]
[PlyCount "128"]
[EventDate "2007.??.??"]
[WhiteTeam "Gonfreville"]

1. Nf3 c5 2. e4 e6 3. c3 d5 4. exd5 Qxd5 5. d4 Nf6 6. Na3 Qd8 7. Nc2 Be7 8. g3
b6 9. Bg2 Bb7 10. O-O O-O 11. Qe2 Nbd7 12. Rd1 Qc8 13. c4 Be4 14. Ne5 Bxg2 15.
Kxg2 cxd4 16. Nxd7 Nxd7 17. Nxd4 Bf6 18. Be3 Ne5 19. Rac1 Rd8 20. b3 Qb7+ 21.
f3 Rd7 22. Rd2 h5 23. Rcd1 Rad8 24. Nb5 h4 25. Nd6 Qc6 26. Ne4 Be7 27. Rxd7
Rxd7 28. Rxd7 Qxd7 29. Qd2 Qc6 30. Qe2 f5 31. Nd2 Nf7 32. Qd3 Bf6 33. Bf2 Ne5
34. Qe2 Ng6 35. Qd3 Kf7 36. a4 Ne5 37. Qe2 g5 38. gxh4 Ng6 39. Kf1 gxh4 40. Qe3
Qd6 41. Bg1 Be5 42. Ke2 Bxh2 43. Qd4 Qc7 44. Bxh2 Qxh2+ 45. Kd1 h3 46. c5 Qc7
47. cxb6 axb6 48. Nf1 h2 49. Nxh2 Qxh2 50. Qxb6 Nf4 51. Qa7+ Kg6 52. Qe3 Kf6
53. Qd4+ Ke7 54. Qc5+ Ke8 55. Qe3 Kd7 56. Qa7+ Kd6 57. Qb8+ Kd5 58. Qb5+ Kd4
59. a5 Nd5 60. Qc4+ Ke3 61. Qc5+ Kxf3 62. Kc1 Qa2 63. Qb6 Qa1+ 64. Kc2 Ne3+ 0-1

[Event "TOP 16"]
[Site "Clichy"]
[Date "2007.06.02"]
[Round "10.5"]
[White "Bacrot, Etienne"]
[Black "Eliet, Nicolas"]
[Result "1-0"]
[WhiteElo "2709"]
[BlackElo "2464"]
[PlyCount "81"]
[EventDate "2007.??.??"]
[WhiteTeam "Paris Chess 15"]
[BlackTeam "Gonfreville"]

1. d4 Nf6 2. c4 e6 3. g3 d5 4. Bg2 c6 5. Qc2 Bb4+ 6. Nd2 O-O 7. Ngf3 b6 8. O-O
Ba6 9. b3 Nbd7 10. e4 Rc8 11. e5 Ne8 12. Rd1 Be7 13. Nf1 Nc7 14. Ne3 Bb7 15. h4
Re8 16. Bb2 c5 17. dxc5 bxc5 18. Ne1 Nf8 19. Qd2 Qd7 20. cxd5 exd5 21. Nxd5
Nxd5 22. Bxd5 Bxd5 23. Qxd5 Qxd5 24. Rxd5 c4 25. Bd4 a6 26. bxc4 Rxc4 27. Nd3
Ne6 28. Be3 Ra4 29. Nb2 Rb4 30. Rd2 h6 31. Rc1 Reb8 32. Rcc2 g5 33. hxg5 hxg5
34. Nc4 g4 35. Kg2 R8b5 36. Rd7 Rb7 37. Rxb7 Rxb7 38. Nd6 Rb4 39. Rc8+ Bf8 40.
Bh6 Rd4 41. a3 1-0

[Event "TOP 16"]
[Site "Clichy"]
[Date "2007.06.02"]
[Round "10.6"]
[White "Vallin, Guillaume"]
[Black "Bauer, Christian"]
[Result "0-1"]
[WhiteElo "2418"]
[BlackElo "2629"]
[PlyCount "76"]
[EventDate "2007.??.??"]
[WhiteTeam "Gonfreville"]

1. d4 e6 2. c4 Bb4+ 3. Bd2 a5 4. Nc3 Nf6 5. g3 d5 6. cxd5 exd5 7. Bg2 O-O 8.
Nf3 Re8 9. O-O c6 10. a3 Bd6 11. Re1 Bg4 12. Qb3 Qc7 13. Rac1 Nbd7 14. e4 a4
15. Qa2 Nxe4 16. Nxe4 dxe4 17. Ng5 Nb6 18. Nxe4 Qd7 19. Nc3 Bf8 20. Be3 Be6 21.
Qb1 Ra5 22. Qc2 Bb3 23. Qe2 Qf5 24. Qf3 Qxf3 25. Bxf3 Nc4 26. Re2 Rd8 27. Kg2
h6 28. Rb1 g5 29. h4 Bg7 30. hxg5 hxg5 31. Ne4 Nxe3+ 32. fxe3 g4 33. Bxg4 f5
34. Nc5 Rxc5 35. dxc5 fxg4 36. e4 Bd1 37. Re1 Rd2+ 38. Kf1 Bc2 0-1

[Event "TOP 16"]
[Site "Clichy"]
[Date "2007.06.02"]
[Round "10.7"]
[White "Manouck, Thierry"]
[Black "Payen, Arnaud"]
[Result "1-0"]
[WhiteElo "2344"]
[BlackElo "2378"]
[PlyCount "55"]
[EventDate "2007.??.??"]
[WhiteTeam "Paris Chess 15"]
[BlackTeam "Gonfreville"]

1. c4 c6 2. Nf3 d5 3. b3 dxc4 4. bxc4 e5 5. Nc3 Bd6 6. e3 Nf6 7. d4 e4 8. Nd2
Qe7 9. Be2 h5 10. h3 h4 11. Qb3 Rh6 12. a4 Rg6 13. Kf1 Bf5 14. c5 Bc7 15. Qxb7
Kd8 16. Qxa8 Nfd7 17. f4 exf3 18. Nxf3 Nxc5 19. dxc5 Qxc5 20. Ra3 Be6 21. Nxh4
Rf6+ 22. Nf3 Bg3 23. a5 Kc7 24. a6 Bc8 25. Rb3 Nxa6 26. Ba3 Qe5 27. Qxa7+ Kd8
28. Qd4+ 1-0

[Event "TOP 16"]
[Site "Clichy"]
[Date "2007.06.02"]
[Round "10.8"]
[White "Collas, Silvia"]
[Black "Martsynovskaya, Marina"]
[Result "1-0"]
[WhiteElo "2401"]
[BlackElo "2227"]
[PlyCount "57"]
[EventDate "2007.??.??"]
[WhiteTeam "Gonfreville"]

1. c4 e5 2. Nc3 Nf6 3. g3 Nc6 4. Bg2 g6 5. d3 Bg7 6. Rb1 O-O 7. b4 Nh5 8. b5
Ne7 9. a4 f5 10. Qb3 f4 11. c5+ Kh8 12. Nf3 Nf5 13. g4 Nd4 14. Nxd4 exd4 15.
Nd5 Nf6 16. Bf3 Nxd5 17. Qxd5 Rb8 18. Rb4 b6 19. Rxd4 c6 20. bxc6 bxc5 21. Rc4
d6 22. Rxc5 Qe7 23. Rb5 Be6 24. Qe4 d5 25. Rxd5 Rb1 26. O-O Rb4 27. Ba3 Rxe4
28. Bxe7 Re8 29. dxe4 1-0

[Event "TOP 16"]
[Site "Clichy"]
[Date "2007.06.02"]
[Round "10.1"]
[White "Sebag, Marie"]
[Black "Vaisser, Anatoly"]
[Result "1/2-1/2"]
[WhiteElo "2479"]
[BlackElo "2545"]
[PlyCount "34"]
[EventDate "2007.??.??"]
[WhiteTeam "Evry"]
[BlackTeam "Antibes"]

1. e4 e6 2. d4 d5 3. Nd2 dxe4 4. Nxe4 Nd7 5. Nf3 Ngf6 6. Nxf6+ Nxf6 7. c3 c5 8.
Be3 Qc7 9. Bb5+ Bd7 10. Bxd7+ Nxd7 11. Qa4 a6 12. dxc5 Bxc5 13. Bxc5 Qxc5 14.
Rd1 O-O-O 15. O-O Ne5 16. Nxe5 Qxe5 17. Rfe1 Qc5 1/2-1/2

[Event "TOP 16"]
[Site "Clichy"]
[Date "2007.06.02"]
[Round "10.3"]
[White "Chabanon, Jean-Luc"]
[Black "Miralles, Gilles"]
[Result "1/2-1/2"]
[WhiteElo "2426"]
[BlackElo "2486"]
[PlyCount "100"]
[EventDate "2007.??.??"]
[WhiteTeam "Evry"]
[BlackTeam "Antibes"]

1. Nf3 Nf6 2. c4 e6 3. Nc3 d5 4. d4 Be7 5. Bg5 h6 6. Bh4 O-O 7. e3 b6 8. Bd3
Bb7 9. O-O Nbd7 10. Qe2 Ne4 11. Bg3 Bd6 12. Rfd1 Qe7 13. Rac1 a6 14. cxd5 exd5
15. Nh4 g6 16. Bxd6 cxd6 17. Qg4 Ndf6 18. Nf5 Qe6 19. Nxh6+ Kg7 20. Qxe6 fxe6
21. Na4 Kxh6 22. Nxb6 Rab8 23. f3 Ng5 24. h4 Nf7 25. g4 g5 26. hxg5+ Kxg5 27.
Kg2 e5 28. Kg3 e4 29. f4+ Kg6 30. Bf1 Bc8 31. Nxc8 Rfxc8 32. b3 a5 33. Bh3 a4
34. bxa4 Rb4 35. a5 Rb2 36. g5 Nh5+ 37. Kh4 Ng7 38. f5+ Nxf5+ 39. Bxf5+ Kxf5
40. Rf1+ Kg6 41. Rf6+ Kg7 42. Rcf1 Rc7 43. g6 Nh8 44. Kg5 Rg2+ 45. Kf5 Nxg6 46.
Ke6 Rxa2 47. Kxd6 Ra7 48. Kxd5 R2xa5+ 49. Kxe4 Re7+ 50. Kd3 Ra3+ 1/2-1/2

[Event "TOP 16"]
[Site "Clichy"]
[Date "2007.06.02"]
[Round "10.4"]
[White "Acher, Mathieu"]
[Black "Feller, Sebastien"]
[Result "1-0"]
[WhiteElo "2363"]
[BlackElo "2445"]
[PlyCount "83"]
[EventDate "2007.??.??"]
[WhiteTeam "Antibes"]

1. e4 e5 2. f4 d5 3. exd5 e4 4. d3 exd3 5. Qxd3 Nf6 6. Nc3 Bc5 7. Bd2 O-O 8.
O-O-O c6 9. Nf3 cxd5 10. Be3 Bf5 11. Qxf5 Bxe3+ 12. Kb1 Nc6 13. Nxd5 Nxd5 14.
Qxd5 Bxf4 15. Bc4 Qf6 16. g3 Rad8 17. Qe4 Bc7 18. Rxd8 Rxd8 19. a3 Qg6 20. Qxg6
hxg6 21. Rf1 Rd7 22. Bb5 Rd5 23. Bxc6 bxc6 24. Re1 Kf8 25. c4 Rd3 26. Ne5 Bxe5
27. Rxe5 Rd2 28. Ra5 Rd7 29. Ra6 Rc7 30. Kc2 Ke7 31. Kd3 g5 32. Kd4 g4 33. b4
f5 34. Ke5 g6 35. c5 Kf7 36. Kd6 Re7 37. b5 Re6+ 38. Kd7 Re2 39. bxc6 Rd2+ 40.
Kc8 Rxh2 41. c7 f4 42. Kd7 1-0

[Event "TOP 16"]
[Site "Clichy"]
[Date "2007.06.02"]
[Round "10.5"]
[White "Relange, Eloi"]
[Black "Perez, Flavio"]
[Result "1-0"]
[WhiteElo "2476"]
[BlackElo "2223"]
[PlyCount "61"]
[EventDate "2007.??.??"]
[WhiteTeam "Evry"]
[BlackTeam "Antibes"]

1. d4 g6 2. c4 Bg7 3. e4 d6 4. Nc3 Nd7 5. Nf3 e5 6. Be2 Ne7 7. O-O O-O 8. dxe5
Nxe5 9. Qc2 Nxf3+ 10. Bxf3 Nc6 11. Be3 Ne5 12. Be2 f5 13. exf5 Bxf5 14. Qd2 Be6
15. b3 Qd7 16. Rad1 Ng4 17. Bd4 Bh6 18. Qb2 Qf7 19. Ne4 Qf4 20. Bxg4 Bxg4 21.
f3 Rae8 22. Rde1 Be6 23. Nf6+ Rxf6 24. Bxf6 Kf7 25. Bc3 Qf5 26. Re4 Bf4 27. Bh8
Bh6 28. Rfe1 Qc5+ 29. Kh1 Qf5 30. Bc3 Bg5 31. Qe2 1-0

[Event "TOP 16"]
[Site "Clichy"]
[Date "2007.06.02"]
[Round "10.6"]
[White "Stoppa, Omar"]
[Black "Bergez, Luc"]
[Result "1/2-1/2"]
[WhiteElo "2227"]
[BlackElo "2398"]
[PlyCount "80"]
[EventDate "2007.??.??"]
[WhiteTeam "Antibes"]

1. e4 d5 2. exd5 Nf6 3. d4 Nxd5 4. c4 Nb6 5. Be3 e5 6. Nf3 Bb4+ 7. Nc3 exd4 8.
Nxd4 O-O 9. Bd3 N8d7 10. Qc2 Bxc3+ 11. Qxc3 Ne5 12. Be2 Ng4 13. Bxg4 Bxg4 14.
h3 Bh5 15. Nf5 f6 16. Bxb6 axb6 17. O-O Be2 18. Rfe1 Qd3 19. Qxd3 Bxd3 20. Ne3
Rfd8 21. a3 b5 22. cxb5 Bxb5 23. Rad1 Ba4 24. Rxd8+ Rxd8 25. Rc1 c6 26. Rc4 Bb5
27. Rb4 Kf7 28. Nf5 Rd1+ 29. Kh2 Ba6 30. Rd4 Rxd4 31. Nxd4 c5 32. Nf5 g6 33.
Ne3 Ke6 34. f4 Kd6 35. Kg3 f5 36. Kf2 c4 37. Nd1 Kc5 38. Ke3 b5 39. h4 Bb7 40.
g3 Bc6 1/2-1/2

[Event "TOP 16"]
[Site "Clichy"]
[Date "2007.06.02"]
[Round "10.7"]
[White "Beudaert, Xavier"]
[Black "Poesson, Thierry"]
[Result "1-0"]
[WhiteElo "2339"]
[BlackElo "2089"]
[PlyCount "143"]
[EventDate "2007.??.??"]
[WhiteTeam "Evry"]
[BlackTeam "Antibes"]

1. e4 c5 2. Nf3 Nc6 3. Bb5 g6 4. O-O Bg7 5. Re1 Nf6 6. c3 O-O 7. d4 cxd4 8.
cxd4 d5 9. e5 Ne4 10. Bxc6 bxc6 11. Nbd2 c5 12. Nxe4 dxe4 13. Rxe4 Bb7 14. Re1
Bxf3 15. Qxf3 Qxd4 16. Re4 Qd5 17. Bf4 Rad8 18. Qe2 Qb7 19. b3 Rd4 20. Rxd4
cxd4 21. Rd1 Qd5 22. Qc4 Rd8 23. Qxd5 Rxd5 24. Kf1 d3 25. f3 e6 26. Kf2 Bf8 27.
Be3 a5 28. f4 Bb4 29. Bd2 Bc5+ 30. Kf3 Ba3 31. Bc3 Kf8 32. Ke4 Bb4 33. Bxb4+
axb4 34. Rxd3 Ra5 35. Rd2 Ke7 36. Kd4 Rd5+ 37. Ke3 Rc5 38. Ke2 g5 39. g3 gxf4
40. gxf4 f6 41. exf6+ Kxf6 42. Kd3 Kf5 43. Re2 Rc3+ 44. Kd4 Kxf4 45. Rxe6 Rc2
46. Rh6 Rxa2 47. Kc5 Ra7 48. Rh4+ Ke5 49. Kxb4 Kd5 50. Kc3 Kc5 51. Rh5+ Kb6 52.
Kb4 Rg7 53. Rh6+ Kb7 54. Kc5 Rc7+ 55. Kd5 Rd7+ 56. Ke5 Rc7 57. h4 Rc3 58. Rxh7+
Kb6 59. Rd7 Rxb3 60. Kf6 Kc6 61. Rd1 Rh3 62. Kg5 Rg3+ 63. Kh6 Kc7 64. h5 Rg2
65. Kh7 Rg3 66. h6 Rg2 67. Kh8 Rg3 68. h7 Rg2 69. Ra1 Kd7 70. Ra8 Ke7 71. Rg8
Rf2 72. Kg7 1-0

[Event "TOP 16"]
[Site "Clichy"]
[Date "2007.06.02"]
[Round "10.8"]
[White "Cochet, Caroline"]
[Black "Leroy, Didier"]
[Result "1-0"]
[WhiteElo "2059"]
[BlackElo "2305"]
[PlyCount "55"]
[EventDate "2007.??.??"]
[WhiteTeam "Antibes"]

1. e4 c5 2. Nf3 Nc6 3. d4 cxd4 4. Nxd4 d6 5. Nc3 Bd7 6. Be2 a6 7. O-O e6 8. Kh1
Nge7 9. f4 Nxd4 10. Qxd4 Nc6 11. Qf2 Be7 12. Qg3 O-O 13. f5 Ne5 14. Bh6 g6 15.
Bxf8 Bxf8 16. f6 Bc6 17. Rad1 Qb6 18. b3 Qb4 19. Qe3 Rc8 20. Rd4 Qc5 21. b4 Qa7
22. Rfd1 Nd7 23. Qf3 Nxf6 24. Qxf6 Bg7 25. Qf2 e5 26. Bg4 f5 27. exf5 exd4 28.
f6 1-0

[Event "TOP 16"]
[Site "Clichy"]
[Date "2007.06.02"]
[Round "10.2"]
[White "Asrian, Karen"]
[Black "Wirig, Anthony"]
[Result "1-0"]
[WhiteElo "2635"]
[BlackElo "2443"]
[PlyCount "55"]
[EventDate "2007.??.??"]
[WhiteTeam "Bischwiller"]

1. e4 c5 2. Nf3 e6 3. Nc3 a6 4. d4 cxd4 5. Nxd4 Qc7 6. Bd3 Nc6 7. Nxc6 dxc6 8.
f4 e5 9. f5 Nf6 10. Qf3 b5 11. g4 h6 12. h4 Bb7 13. g5 hxg5 14. hxg5 Rxh1+ 15.
Qxh1 Nd7 16. Be3 O-O-O 17. O-O-O c5 18. Nd5 Bxd5 19. exd5 c4 20. d6 Bxd6 21.
Qa8+ Nb8 22. Be4 Rd7 23. f6 g6 24. Bf3 Bc5 25. Bxc5 Qxc5 26. Bg4 Kc7 27. Bxd7
Nxd7 28. Qe8 1-0

[Event "TOP 16"]
[Site "Clichy"]
[Date "2007.06.02"]
[Round "10.3"]
[White "Bricard, Emmanuel"]
[Black "Pinter, Jozsef"]
[Result "1/2-1/2"]
[WhiteElo "2472"]
[BlackElo "2525"]
[PlyCount "67"]
[EventDate "2007.??.??"]
[WhiteTeam "Mulhouse"]
[BlackTeam "Bischwiller"]

1. e4 c5 2. d3 Nc6 3. g3 g6 4. Bg2 Bg7 5. Nc3 d6 6. Nge2 e5 7. Nd5 Nge7 8. Bg5
h6 9. Bf6 O-O 10. f4 Bxf6 11. Nxf6+ Kg7 12. fxe5 dxe5 13. O-O Ng8 14. Nd5 Bg4
15. Qd2 Qd6 16. Rf2 Bxe2 17. Qxe2 Nce7 18. Ne3 Rad8 19. Raf1 Qd4 20. b3 Rd6 21.
Qd2 b5 22. a3 Ra6 23. c3 Qd7 24. b4 Qc7 25. Qb2 cxb4 26. axb4 Rf6 27. Rxf6 Nxf6
28. c4 bxc4 29. dxc4 a5 30. bxa5 Qxa5 31. Qf2 Neg8 32. Nd5 Nd7 33. Bh3 Nc5 34.
Qb2 1/2-1/2

[Event "TOP 16"]
[Site "Clichy"]
[Date "2007.06.02"]
[Round "10.6"]
[White "Mensch, Etienne"]
[Black "Muller, Anne"]
[Result "1-0"]
[WhiteElo "2348"]
[BlackElo "2187"]
[PlyCount "117"]
[EventDate "2007.??.??"]
[WhiteTeam "Bischwiller"]

1. d4 Nf6 2. c4 e6 3. Nf3 Bb4+ 4. Bd2 Qe7 5. g3 Nc6 6. Nc3 Bxc3 7. Bxc3 Ne4 8.
Rc1 a5 9. Bg2 O-O 10. O-O Nxc3 11. Rxc3 d6 12. d5 Nb4 13. a3 Na6 14. Nd2 Nc5
15. b4 axb4 16. axb4 Nd7 17. Qc2 Nf6 18. e4 e5 19. c5 Bd7 20. Rc1 h6 21. Nc4
Ne8 22. Na5 Rb8 23. Qd2 Qg5 24. Qxg5 hxg5 25. cxd6 cxd6 26. Nc4 g6 27. Nb6 Bb5
28. Ra1 Nf6 29. Ra5 Be2 30. Re3 Bg4 31. h3 Bc8 32. Rc3 Rd8 33. Ra7 g4 34. hxg4
Bxg4 35. f3 Bc8 36. Bf1 Kf8 37. Bb5 Kg7 38. Rc7 Ne8 39. Rc3 f5 40. Bxe8 Rxe8
41. Rc7+ Kf6 42. Nc4 Rd8 43. Kf2 fxe4 44. fxe4 Kg5 45. Rf7 Bg4 46. Raxb7 Rxb7
47. Rxb7 Rf8+ 48. Ke3 Rf3+ 49. Kd2 Rxg3 50. Nxd6 Rg2+ 51. Ke3 Rg3+ 52. Kf2 Rf3+
53. Kg2 Rb3 54. b5 Kf4 55. Rf7+ Ke3 56. b6 Rb2+ 57. Kg3 Be2 58. b7 Ba6 59. Rf8
1-0

[Event "TOP 16"]
[Site "Clichy"]
[Date "2007.06.02"]
[Round "10.7"]
[White "Blum, Nicolas"]
[Black "Schmitt, Andre"]
[Result "1/2-1/2"]
[WhiteElo "2124"]
[BlackElo "2302"]
[PlyCount "80"]
[EventDate "2007.??.??"]
[WhiteTeam "Mulhouse"]
[BlackTeam "Bischwiller"]

1. e4 g6 2. d4 Bg7 3. Nf3 c5 4. d5 Nf6 5. Nc3 O-O 6. Be2 b5 7. Bxb5 Nxe4 8.
Nxe4 Qa5+ 9. Nc3 Bxc3+ 10. bxc3 Qxb5 11. Nd2 Ba6 12. c4 Qa4 13. O-O Bxc4 14.
Nxc4 Qxc4 15. Re1 Re8 16. Bg5 e6 17. Bf6 d6 18. dxe6 Rxe6 19. Qf3 d5 20. Rxe6
fxe6 21. Qh3 Qa6 22. Re1 Nd7 23. Rxe6 Rb8 24. Bc3 Rb1+ 25. Be1 Kf7 26. Re3 Nf6
27. Qg3 Qb7 28. Qe5 Qd7 29. h3 Rb6 30. Bd2 Re6 31. Qf4 Rxe3 32. Bxe3 d4 33. Bd2
Ke6 34. Qf3 Qd5 35. Qd3 Ne4 36. Qa6+ Qd6 37. Qc8+ Qd7 38. Qg8+ Qf7 39. Qc8+ Qd7
40. Qg8+ Qf7 1/2-1/2

[Event "TOP 16"]
[Site "Clichy"]
[Date "2007.06.02"]
[Round "10.8"]
[White "Lallemand, Roza"]
[Black "Nass, Emile"]
[Result "1-0"]
[WhiteElo "2222"]
[BlackElo "2071"]
[PlyCount "73"]
[EventDate "2007.??.??"]
[WhiteTeam "Bischwiller"]

1. e4 e6 2. Nc3 d5 3. Nf3 Nf6 4. e5 Nfd7 5. d4 c5 6. dxc5 Bxc5 7. Bd3 Nc6 8.
Bf4 Qc7 9. Qe2 Nb4 10. O-O a6 11. a3 Nxd3 12. cxd3 Qd8 13. Rac1 O-O 14. Bg3 Nb6
15. Bh4 Be7 16. Bxe7 Qxe7 17. Qe3 Qd8 18. Nd4 f6 19. f4 fxe5 20. fxe5 Bd7 21.
Rxf8+ Kxf8 22. Nce2 Rc8 23. Rf1+ Kg8 24. Nf4 Qe7 25. Ndxe6 Na4 26. Nd4 Nxb2 27.
e6 Bc6 28. Qe5 Qf6 29. Qxf6 gxf6 30. Nh5 Nxd3 31. Nxf6+ Kg7 32. e7 Ba4 33. Nxd5
Rc1 34. Ne6+ Kg8 35. Rxc1 Nxc1 36. Nc5 Bc6 37. Nxb7 1-0

[Event "TOP 16"]
[Site "Clichy"]
[Date "2007.06.03"]
[Round "11.4"]
[White "Lautier, Joel"]
[Black "Kazhgaleyev, Murtas"]
[Result "1/2-1/2"]
[WhiteElo "2661"]
[BlackElo "2603"]
[PlyCount "69"]
[EventDate "2007.??.??"]
[WhiteTeam "Paris Chess 15"]

1. c4 c6 2. e4 d5 3. cxd5 cxd5 4. exd5 Nf6 5. Nc3 Nxd5 6. Nf3 e6 7. d4 Bb4 8.
Qc2 Nc6 9. a3 Ba5 10. Bb5 O-O 11. O-O h6 12. Ne4 Nce7 13. Ng3 Bd7 14. Bd3 Bb6
15. Qe2 Bc6 16. Nh5 Ng6 17. Rd1 Nf6 18. Bxg6 fxg6 19. Nf4 Qd6 20. Ne5 Ba4 21.
Re1 Bxd4 22. Nc4 Qc6 23. Qxe6+ Kh7 24. Be3 Bxe3 25. Rxe3 Qc7 26. Nd6 Bd7 27.
Qe7 Qb6 28. Rf1 g5 29. Ne6 Bxe6 30. Rxe6 Nd5 31. Qxb7 Qxb7 32. Nxb7 Rab8 33.
Re5 Rxb7 34. Rxd5 Rxb2 35. Ra5 1/2-1/2

[Event "TOP 16"]
[Site "Clichy"]
[Date "2007.06.03"]
[Round "11.5"]
[White "Guidarelli, Laurent"]
[Black "Tiviakov, Sergei"]
[Result "1-0"]
[WhiteElo "2458"]
[BlackElo "2663"]
[PlyCount "143"]
[EventDate "2007.??.??"]
[WhiteTeam "Cannes"]
[BlackTeam "Paris Chess 15"]

1. d4 Nf6 2. c4 e6 3. Nf3 b6 4. g3 Bb7 5. Bg2 Bb4+ 6. Nbd2 O-O 7. O-O d5 8. a3
Be7 9. Qc2 c5 10. dxc5 bxc5 11. Ne5 Qc7 12. Ndf3 Bd6 13. Nd3 Nbd7 14. cxd5 Bxd5
15. Nd2 c4 16. Ne1 Rac8 17. Bxd5 exd5 18. Ndf3 Rfe8 19. Ng2 Ne5 20. Rd1 Nxf3+
21. exf3 Be5 22. Be3 Rb8 23. Rab1 Qb7 24. f4 Bc7 25. Bd4 Ne4 26. Ne3 a5 27. Kg2
Rbd8 28. b3 c3 29. b4 Nd2 30. Rbc1 axb4 31. axb4 Bb6 32. Qxc3 Bxd4 33. Qxd2
Bxe3 34. fxe3 d4+ 35. Kg1 Qf3 36. Qf2 Qxf2+ 37. Kxf2 dxe3+ 38. Ke2 Rb8 39. Rb1
g5 40. Rd4 gxf4 41. Rxf4 Ra8 42. Rb2 Re5 43. Rd4 Ra1 44. Rd1 Ra3 45. Rd3 Rxd3
46. Kxd3 Kf8 47. Ke2 Ke7 48. Rb3 Rh5 49. h4 Kd6 50. b5 Kc7 51. b6+ Kb7 52. Kxe3
Rh6 53. Kf4 Rf6+ 54. Kg5 Rg6+ 55. Kf5 h5 56. Kf4 Rg4+ 57. Ke5 Rg6 58. Kf5 Kc8
59. b7+ Kb8 60. Kf4 Rg4+ 61. Ke5 Rg6 62. Kf5 Rc6 63. Kg5 Rc5+ 64. Kf6 Rc7 65.
Re3 Rc5 66. Kxf7 Kxb7 67. Kg6 Kc6 68. Rf3 Kd6 69. Rf5 Rc3 70. Rg5 Ke6 71. Kxh5
Kf6 72. g4 1-0

[Event "TOP 16"]
[Site "Clichy"]
[Date "2007.06.03"]
[Round "11.8"]
[White "Martsynovskaya, Marina"]
[Black "Leconte, Maria"]
[Result "0-1"]
[WhiteElo "2227"]
[BlackElo "2371"]
[PlyCount "92"]
[EventDate "2007.??.??"]
[WhiteTeam "Paris Chess 15"]

1. e4 e6 2. d4 d5 3. Nc3 Bb4 4. e5 c5 5. a3 Bxc3+ 6. bxc3 Ne7 7. Qg4 Qc7 8.
Qxg7 Rg8 9. Qxh7 cxd4 10. Qd3 dxc3 11. Ne2 Nbc6 12. f4 Bd7 13. Nxc3 a6 14. Bd2
Na5 15. h4 Nc4 16. h5 O-O-O 17. h6 Rg6 18. h7 Rh8 19. Qf3 Nxd2 20. Kxd2 f5 21.
Ne2 Rg7 22. Nd4 Rgxh7 23. Rxh7 Rxh7 24. Bd3 Qb6 25. Nb3 d4 26. Rg1 a5 27. Qf2
Nc6 28. g4 a4 29. Nc1 Qa5+ 30. Kd1 Qd8 31. g5 Be8 32. Bb5 Bh5+ 33. Ne2 d3 34.
Bxd3 Nd4 35. Kc1 Bxe2 36. Bxe2 Qb6 37. Rf1 Qc5 38. Bd3 Qxa3+ 39. Kd2 Qb4+ 40.
Kd1 a3 41. Qd2 Qb1+ 42. Qc1 a2 43. Kd2 Rh2+ 44. Ke3 Qb6 45. c4 Nc2+ 46. Kf3
Qc6+ 0-1

[Event "TOP 16"]
[Site "Clichy"]
[Date "2007.06.03"]
[Round "11.1"]
[White "Degraeve, Jean-Marc"]
[Black "Tregubov, Pavel V"]
[Result "1/2-1/2"]
[WhiteElo "2549"]
[BlackElo "2615"]
[PlyCount "81"]
[EventDate "2007.??.??"]
[WhiteTeam "Gonfreville"]
[BlackTeam "Clichy"]

1. e4 c5 2. Nf3 Nc6 3. Nc3 Nf6 4. Bb5 g6 5. Bxc6 dxc6 6. h3 Bg7 7. d3 c4 8. d4
b5 9. Qe2 c5 10. dxc5 b4 11. Nb1 Ba6 12. O-O Qa5 13. c3 Nd7 14. Bd2 b3 15. Be3
bxa2 16. Na3 Nxc5 17. Bxc5 Qxc5 18. Rxa2 O-O 19. Rfa1 Rfc8 20. Nb1 Bb7 21. Nbd2
Qb5 22. Qe3 a5 23. Nd4 Qb6 24. Ne2 Qb5 25. Nd4 Qh5 26. N4f3 Ra6 27. Ra4 Bh6 28.
Qd4 Bxd2 29. Nxd2 Rd6 30. Qe3 Rd3 31. Qe1 Rcd8 32. Rxa5 Qh4 33. Nxc4 Bxe4 34.
f3 Qxe1+ 35. Rxe1 Bd5 36. Ne5 Rd2 37. c4 Be6 38. Rea1 Rxb2 39. Ra8 Rxa8 40.
Rxa8+ Kg7 41. Ra7 1/2-1/2

[Event "TOP 16"]
[Site "Clichy"]
[Date "2007.06.03"]
[Round "11.3"]
[White "Rausis, Igors"]
[Black "Fressinet, Laurent"]
[Result "0-1"]
[WhiteElo "2537"]
[BlackElo "2644"]
[PlyCount "82"]
[EventDate "2007.??.??"]
[WhiteTeam "Gonfreville"]
[BlackTeam "Clichy"]

1. e4 e5 2. Nf3 Nc6 3. Bb5 Nf6 4. d3 Bc5 5. Bxc6 dxc6 6. Be3 Bd6 7. Nbd2 Ng4 8.
Bg5 f6 9. Bh4 Be6 10. d4 exd4 11. Nxd4 Qe7 12. Nxe6 Qxe6 13. Qe2 O-O-O 14. Bg3
Rhe8 15. Bxd6 Rxd6 16. h3 Ne5 17. O-O Red8 18. Nb3 Qc4 19. Rae1 b6 20. f4 Qxe2
21. Rxe2 Nc4 22. c3 c5 23. Kf2 Rd1 24. Rfe1 g5 25. Rxd1 Rxd1 26. e5 fxe5 27.
fxg5 a5 28. Kf3 a4 29. Kg4 axb3 30. axb3 Rd2 31. Rxd2 Nxd2 32. h4 Kd7 33. Kf5
e4 34. Kf4 Ke6 35. h5 Nf3 36. Kxe4 Nd2+ 37. Kd3 Nf1 38. g4 Nh2 39. g6 hxg6 40.
hxg6 Nxg4 41. g7 Nf6 0-1

[Event "TOP 16"]
[Site "Clichy"]
[Date "2007.06.03"]
[Round "11.4"]
[White "Naiditsch, Arkadij"]
[Black "Vallin, Guillaume"]
[Result "1-0"]
[WhiteElo "2654"]
[BlackElo "2418"]
[PlyCount "79"]
[EventDate "3.??.??"]
[WhiteTeam "Clichy"]

1. c4 e6 2. d4 Nf6 3. Nf3 d5 4. Nc3 c5 5. cxd5 Nxd5 6. e4 Nxc3 7. bxc3 cxd4 8.
cxd4 Bb4+ 9. Bd2 Bxd2+ 10. Qxd2 O-O 11. Bc4 Nc6 12. O-O b6 13. Rad1 Na5 14. Bd3
Bb7 15. Rfe1 Rc8 16. h4 h6 17. h5 Qc7 18. Rc1 Qd6 19. d5 Rxc1 20. Rxc1 Rd8 21.
Bb1 Rc8 22. Rd1 Nc4 23. Qe2 Na3 24. Bd3 exd5 25. e5 Qe7 26. Nd4 Re8 27. f4 Bc8
28. Bf5 Be6 29. g3 Nc4 30. Kh2 Qa3 31. Bd3 Nb2 32. Rd2 Nc4 33. Rc2 Bg4 34. Qxg4
Qxd3 35. Rxc4 Qd2+ 36. Kh3 Qe1 37. Rc2 Qh1+ 38. Rh2 Qf1+ 39. Kh4 Qg1 40. Nf3
1-0

[Event "TOP 16"]
[Site "Clichy"]
[Date "2007.06.03"]
[Round "11.5"]
[White "Payen, Arnaud"]
[Black "Apicella, Manuel"]
[Result "1/2-1/2"]
[WhiteElo "2378"]
[BlackElo "2555"]
[PlyCount "26"]
[EventDate "3.??.??"]
[WhiteTeam "Gonfreville"]
[BlackTeam "Clichy"]

1. d4 e6 2. Nf3 d5 3. c4 c6 4. Qc2 Bd6 5. g3 f5 6. Bg2 Nf6 7. O-O O-O 8. Ne5
Nbd7 9. Nd3 Qe7 10. Bg5 h6 11. Bf4 g5 12. Bxd6 Qxd6 13. Nd2 Ne4 1/2-1/2

[Event "TOP 16"]
[Site "Clichy"]
[Date "2007.06.03"]
[Round "11.6"]
[White "Edouard, Romain"]
[Black "Eliet, Nicolas"]
[Result "1/2-1/2"]
[WhiteElo "2447"]
[BlackElo "2464"]
[PlyCount "63"]
[EventDate "2007.??.??"]
[WhiteTeam "Clichy"]

1. e4 c6 2. d4 d5 3. e5 Bf5 4. Nf3 e6 5. Be2 Be7 6. Nbd2 Nd7 7. Nf1 h5 8. Ng3
Bg4 9. h3 Bxf3 10. Bxf3 g6 11. Ne2 h4 12. Be3 Nh6 13. Bg4 Qb6 14. Qc1 Nxg4 15.
hxg4 O-O-O 16. c3 Qa6 17. Bg5 Bxg5 18. Qxg5 Qd3 19. Qd2 Qa6 20. g5 Rh7 21. Rh3
c5 22. b3 Kb8 23. O-O-O Rc8 24. Kb2 Nb6 25. g3 Qb5 26. Ka1 a5 27. Rb1 Rch8 28.
g4 Rc8 29. Qe3 Nd7 30. Qd3 Qc6 31. Qd2 a4 32. b4 1/2-1/2

[Event "TOP 16"]
[Site "Clichy"]
[Date "2007.06.03"]
[Round "11.7"]
[White "Collas, Didier"]
[Black "David, Alberto"]
[Result "1/2-1/2"]
[WhiteElo "2472"]
[BlackElo "2525"]
[PlyCount "32"]
[EventDate "3.??.??"]
[WhiteTeam "Gonfreville"]
[BlackTeam "Clichy"]

1. e4 c5 2. Nf3 e6 3. d4 cxd4 4. Nxd4 a6 5. Bd3 Bc5 6. Nb3 Be7 7. Qg4 g6 8. Qe2
d6 9. O-O Qc7 10. f4 Nd7 11. c4 Ngf6 12. Nc3 b6 13. Bd2 O-O 14. Rae1 Bb7 15.
Rf3 Rfe8 16. Rg3 Nc5 1/2-1/2